Стационарная акустическая камера для диагностики насосных агрегатов; Молодежь и современные информационные технологии; Т. 1

Bibliographische Detailangaben
Parent link:Молодежь и современные информационные технологии: сборник трудов XIII Международной научно-практической конференции студентов, аспирантов и молодых ученых, г. Томск, 9-13 ноября 2015 г./ Национальный исследовательский Томский политехнический университет (ТПУ), Институт кибернетики (ИК) ; под ред. Т. Е. Мамоновой [и др.].— , 2016
Т. 1.— 2016.— [С. 290-291]
1. Verfasser: Рыбаков Е. А. Евгений Александрович
Körperschaft: Национальный исследовательский Томский политехнический университет (ТПУ) Институт кибернетики (ИК) Кафедра интегрированных компьютерных систем управления (ИКСУ)
Weitere Verfasser: Стариков Д. П. Дмитрий Павлович (научный руководитель), Громаков Е. И. Евгений Иванович
Zusammenfassung:Заглавие с титульного экрана
Sprache:Russisch
Veröffentlicht: 2016
Schriftenreihe:Автоматизация и управление в технических системах
Schlagworte:
Online-Zugang:http://earchive.tpu.ru/handle/11683/16938
Format: MixedMaterials Elektronisch Buchkapitel
KOHA link:https://koha.lib.tpu.ru/cgi-bin/koha/opac-detail.pl?biblionumber=617624

MARC

LEADER 00000naa2a2200000 4500
001 617624
005 20231101132953.0
035 |a (RuTPU)RU\TPU\conf\15937 
035 |a RU\TPU\conf\15936 
090 |a 617624 
100 |a 20160317d2016 k y0rusy50 ca 
101 0 |a rus  |g rus 
102 |a RU 
105 |a y z 101zy 
135 |a drcn ---uucaa 
181 0 |a i  
182 0 |a b 
200 1 |a Стационарная акустическая камера для диагностики насосных агрегатов  |f Е. А. Рыбаков, Д. П. Стариков  |g науч. рук. Е. И. Громаков 
203 |a Текст  |c электронный 
225 1 |a Автоматизация и управление в технических системах 
230 |a 1 компьютерный файл (pdf; 697 Кb) 
300 |a Заглавие с титульного экрана 
320 |a [Библиогр.: с. 291 (3 назв.)] 
337 |a Adobe Reader 
461 1 |0 (RuTPU)RU\TPU\conf\15701  |t Молодежь и современные информационные технологии  |o сборник трудов XIII Международной научно-практической конференции студентов, аспирантов и молодых ученых, г. Томск, 9-13 ноября 2015 г.  |o в 2 т.  |f Национальный исследовательский Томский политехнический университет (ТПУ), Институт кибернетики (ИК) ; под ред. Т. Е. Мамоновой [и др.]  |d 2016 
463 0 |0 (RuTPU)RU\TPU\conf\15703  |t Т. 1  |v [С. 290-291]  |d 2016 
610 1 |a труды учёных ТПУ 
610 1 |a электронный ресурс 
610 1 |a акустические камеры 
610 1 |a насосные агрегаты 
610 1 |a диагностика 
610 1 |a САУ 
610 1 |a программное обеспечение 
700 1 |a Рыбаков  |b Е. А.  |c специалист в области информатики и вычислительной техники  |c лаборант кафедры Томского политехнического университета  |f 1992-  |g Евгений Александрович  |2 stltpush  |3 (RuTPU)RU\TPU\pers\32946 
701 1 |a Стариков  |b Д. П.  |c специалист в области информатики и вычислительной техники  |c лаборант Томского политехнического университета  |f 1991-  |g Дмитрий Павлович  |2 stltpush  |3 (RuTPU)RU\TPU\pers\33031 
702 1 |a Громаков  |b Е. И.  |c специалист в области автоматизированных систем управления  |c доцент Томского политехнического университета, кандидат технических наук  |f 1943-  |g Евгений Иванович  |2 stltpush  |4 727 
712 0 2 |a Национальный исследовательский Томский политехнический университет (ТПУ)  |b Институт кибернетики (ИК)  |b Кафедра интегрированных компьютерных систем управления (ИКСУ)  |h 131  |2 stltpush  |3 (RuTPU)RU\TPU\col\18701 
801 2 |a RU  |b 63413507  |c 20160404  |g RCR 
856 4 |u http://earchive.tpu.ru/handle/11683/16938 
942 |c BK